00519nam a2200193 a 4500001001300000003000900013005001700022008004100039020001000080082001600090100003000106245002100136260003100157300000900188500003500197505004100232650002200273700003000295nice12345678IN_TiNIC20260116011539.0050524s1895 egya grp 000 0 ara  ac10000a297.63bTAB aTabrasi, Shaikh Raziuddin aMakaramul Akhlaq aEgyptbKhairia Pressc1895 a194p aincludes index and biblioraphy2 a12 Volumes in Bounded in Six Volumes aMuhammad, Prophet1 aTabrasi, Shaikh Raziuddin